000 01842nam0a2200361 i 4500
001 RU\NLR\BIBL_A\010921376
005 20260405073245.0
010 _a9785000237724
_9100
021 _aRU
_b2015-90592
_95581
035 _a(NILC)RuMoRGB-008076724
035 _a(NLR Aleph) 010921376
090 _a10677625
_c10677625
100 _a20151208d2015 u y0rusy50 ca
101 0 _arus
102 _aRU
105 _aa|||j|||000yy
200 1 _aМетодология и технология повышения компетентности по теме "Функция переменных высоких степеней и ее приложения"
_eучебное пособие
_fА.Ж. Жафяров, А.А. Жафяров
_gМ-во образования и науки РФ, Новосиб. гос. пед. ун-т [и др.]
210 _aНовосибирск
_cИзд-во НГПУ
_d2015
215 _a206, [1] с.
_cил.
_d20
300 _aВ надзаг. также: Сев.-Вост. федер. ун-т им. М.К. Аммосова, Науч. учреждение РАО "Ин-т пед. исслед. одаренности детей"
320 _aБиблиогр.: с. 205-207 (23 назв.)
606 1 _aФункции степенные
_jУчебные издания
_xВычисление
_92305025
_3RU\NLR\AUTH\6601605987
610 0 _aфункция переменных высоких степеней
675 _a517
686 1 _aВ161.14я7-41
686 1 _aЧ426.24-1я7
700 1 _8rus
_7ca
_aЖафяров
_bА.Ж.
_f1939-
_gАкрям Жафярович
_3RU\NLR\AUTH\7720373
_93441
701 1 _aЖафяров
_bА. А.
_gАнсар Акрямович
801 0 _aRU
_bРГБ
_c20151120
_gRCR
942 _cBOOK
980 _aNBR